Statistiques concernant Chaîne de mots - Belgique

Cliquez ici pour prendre le quiz!

Statistiques générales

  • Ce quiz a été pris 5 069 fois
  • Le résultat moyen est 12 sur 22

Statistiques - réponses

IndiceRéponse% Correct
Elle borde la côte belge :
Mer du ____
Nord
92%
Nombre de langues officiellesTrois
89%
Elle fait la force d'après la deviseUnion
83%
Reporter de fiction à la houpetteTintin
79%
Région néerlandophoneFlandre
78%
Compagnon de FantasioSpirou
78%
Détective belge d'Agatha ChristiePoirot
75%
Créature bleue de PeyoSchtroumpf
68%
François amateur "d'embrouilles"Damiens
65%
Prénom du cycliste MerckxEddy
65%
Premier Roi des BelgesLéopold
64%
Capitale de la WallonieNamur
60%
Biscuit à la cassonade et à la cannelle
Spéculoos
49%
Ville connue pour ses eaux thermalesSpa
45%
Club de football d'AnversAntwerp
37%
L'un des trois fleuves du paysEscaut
34%
Deuxième principal pays d'origine
des immigrés belges
Italie
33%
Lieu de plusieurs batailles de la
Première Guerre mondiale
Ypres
29%
Point culminant de la Belgique :
______ de Botrange
Signal
27%
Où naquit Adolphe SaxDinant
25%
Ville où se situe la Tour Henri VIIITournai
20%
Il a peint La Descente de croix
au XVIIe siècle
Rubens
18%

Distribution des résultats

Percentile par nombre de réponses

% des personnes avec chaque résultat

Votre développement - résultats

Vous n’avez pas pris ce quiz